| Tag |
First Indicator |
Second Indicator |
Subfields |
| LEADER |
00000cas a2200000 a 4500 |
| 001 |
in00002121908 |
| 005 |
20151103063910.0 |
| 006 |
m d |
| 007 |
cr cnu-------- |
| 008 |
980812c19979999dcufr pss s 0 0eng |
| 010 |
|
|
|a 98650653
|
| 019 |
|
|
|a 42821756
|a 60630096
|
| 022 |
|
|
|y 0256-6877
|
| 029 |
1 |
|
|a OCLCS
|b 11555
|
| 029 |
1 |
|
|a OCLCS
|b OP-13669
|
| 035 |
|
|
|a (OCoLC)ocm39682082
|
| 040 |
|
|
|a DLC
|c DLC
|d NSD
|d OCLCQ
|d OCLCS
|d OCLCQ
|d TXA
|d UtOrBLW
|
| 042 |
|
|
|a lc
|
| 049 |
|
|
|a TXAM
|
| 050 |
0 |
0 |
|a HC59.15
|
| 090 |
|
|
|a HC10
|b .W79 Electronic
|
| 130 |
0 |
|
|a World economic outlook (International Monetary Fund : Online)
|
| 245 |
1 |
0 |
|a World economic outlook :
|b financial crises, causes and indicators /
|c International Monetary Fund.
|
| 246 |
3 |
0 |
|a Financial crises, causes and indicators
|
| 264 |
|
1 |
|a [Washington, D.C.?] :
|b International Monetary Fund.
|
| 310 |
|
|
|a Semiannual
|
| 336 |
|
|
|a text
|b txt
|2 rdacontent
|
| 337 |
|
|
|a computer
|b c
|2 rdamedia
|
| 338 |
|
|
|a online resource
|b cr
|2 rdacarrier
|
| 362 |
1 |
|
|a Began in 1997?
|
| 500 |
|
|
|a Description based on: May 1998; title from home page.
|
| 530 |
|
|
|a Also issued in print.
|
| 538 |
|
|
|a Mode of access: World Wide Web.
|
| 500 |
|
|
|a Electronic resource.
|
| 650 |
|
0 |
|a Economic history
|y 1990-
|v Periodicals.
|
| 650 |
|
0 |
|a Economic forecasting
|v Periodicals.
|
| 650 |
|
0 |
|a Economic indicators
|v Periodicals.
|
| 653 |
|
|
|a Economic forecasts;
|a Business cycles
|
| 650 |
|
6 |
|a Histoire économique
|y 1945-
|v Périodiques.
|
| 710 |
2 |
|
|a International Monetary Fund.
|
| 776 |
1 |
|
|t World economic outlook (International Monetary Fund)
|w (DLC) 84640155
|w (OCoLC)7621785
|
| 948 |
|
|
|a cataloged
|b h
|c 2006/4/28
|d c
|e pbump
|
| 994 |
|
|
|a C0
|b TXA
|
| 999 |
|
|
|a MARS
|
| 999 |
f |
f |
|s f3ef19b2-5cfb-38d4-95bd-9ca398887ee5
|i c2782c01-0613-30ae-9f72-ad0ce48893c2
|t 0
|
| 952 |
f |
f |
|a Texas A&M University
|b College Station
|c Electronic Resources
|d Available Online
|t 0
|e HC10 .W79
|g Electronic
|h Library of Congress classification
|
| 998 |
f |
f |
|a HC10 .W79
|t 0
|l Available Online
|